| 000 | 00870cam a2200265 c 4500 | ||
|---|---|---|---|
| 001 | a5024271 | ||
| 003 | CO-ViMGA | ||
| 005 | 20230915223801.0 | ||
| 008 | 110330s2010 sp a | |||| 000 1 spa | ||
| 020 | _a9788498855647 | ||
| 040 |
_aCO-ViMGA _bspa _cCO-ViMGA |
||
| 041 | 1 | _heng | |
| 082 | 0 | 4 |
_a741.5 _bP14c |
| 100 | 1 |
_aPak, Greg _d1968- _98821 |
|
| 245 | 1 | 3 |
_aLa cancion final de Fenix _h[Texto impreso] _c[guion] Pak ; [dibujo] Land, Ryan ; [traduccion, Hector Lorda] |
| 260 |
_aTorroella de Montgrí, Girona _bPanini España ; _aBarcelona _bdistribucion, Sd Distribucin̤ _cD.L. 2010 |
||
| 300 |
_a128 p. _bprincipalmente il. col. _c27 cm |
||
| 490 | 0 | _aAstonishing X-Men | |
| 650 | 1 | 4 |
_aComics _9284 |
| 650 | 1 | 4 |
_aHistorietas _98822 |
| 650 | 1 | 4 |
_aTiras comicas _95672 |
| 700 | 1 |
_aLand, Greg _98823 |
|
| 700 | 1 |
_aRyan, Michael _c(dibujante) _98824 |
|
| 942 |
_2ddc _cBK |
||
| 999 |
_c10374 _d10374 |
||